000 00380 a2200169 4500
001 71944
020 _a
040 _cAnchieta - Colégio São Paulo
100 _aMazzoni, Mônica
240 1 0 _aO contador de histórias
_lpor
245 1 0 _aO contador de histórias
300 _a32
362 0 _a1987
440 1 _aFTD
650 4 _aLiteratura infanto-juvenil
942 _cBK
999 _c71944
_d71944